[Event "Ostsjaellands EMT 2007"]
[Site "Faxe"]
[Date "2007.04.18"]
[Round "3"]
[White "Christoffersen, Per"]
[Black "Toftvang, Ove"]
[Result "1-0"]
[WhiteElo "1495"]
[BlackElo "1216"]
[PlyCount "101"]
[EventDate "2007.??.??"]

1. d4 f5 2. Nf3 d5 3. c4 e6 4. Bf4 Bd6 5. Bxd6 cxd6 6. cxd5 exd5 7. Nc3 Nf6 8.
Qb3 Qa5 9. Qb5+ Nc6 10. Qxa5 Nxa5 11. Nb5 Ne4 12. Nc7+ Kd8 13. Nxa8 Bd7 14. Rc1
Nc6 15. e3 Kc8 16. Bb5 Kb8 17. Nb6 axb6 18. O-O h6 19. Nh4 Re8 20. Ng6 Kc7 21.
Nf4 Nf6 22. Rc3 g5 23. Nd3 Ne4 24. Rc2 Kd8 25. a4 Ke7 26. Re1 h5 27. f3 Nf6 28.
Rce2 Kf7 29. Nf2 Kg6 30. e4 Nxd4 31. exf5+ Kf7 32. Rxe8 Bxe8 33. Bxe8+ Nxe8 34.
Rd1 Ne2+ 35. Kf1 Nf4 36. g3 Nc7 37. gxf4 gxf4 38. Nh3 Kf6 39. Nxf4 Kxf5 40.
Nxd5 Ne6 41. Nxb6 h4 42. Rxd6 Ng5 43. Kf2 Nh3+ 44. Ke3 Ng5 45. Rd7 Ne6 46. Rxb7
Nc5 47. Rc7 Ne6 48. Rc4 Kg5 49. a5 Nd8 50. a6 h3 51. a7 1-0

[Event "Ostsjaellands EMT 2007"]
[Site "Faxe"]
[Date "2007.04.18"]
[Round "3"]
[White "Lillebro, Verner"]
[Black "Nesheim, Erik"]
[Result "1-0"]
[WhiteElo "1177"]
[BlackElo "1311"]
[PlyCount "55"]
[EventDate "2007.??.??"]

1. e4 e5 2. Nf3 Nc6 3. Bb5 Nd4 4. Nxd4 exd4 5. O-O a6 6. Ba4 b5 7. Bb3 c5 8.
Bd5 Rb8 9. e5 Ne7 10. Be4 Bb7 11. Bxb7 Rxb7 12. Qf3 Nc6 13. d3 Rc7 14. Bf4 Rc8
15. a3 Qe7 16. Nd2 Qe6 17. Rfe1 g6 18. Ne4 Be7 19. Nd6+ Kf8 20. Nxc8 Bd8 21.
Nd6 Bc7 22. h3 Kg7 23. Re2 Rf8 24. Rae1 Qa2 25. Qg4 Nb8 26. Qh4 Kg8 27. Bh6 Rd8
28. Qf6 1-0

[Event "Ostsjaellands EMT 2007"]
[Site "Faxe"]
[Date "2007.04.18"]
[Round "3"]
[White "Andersen, Hans Poul"]
[Black "Wehlast, Svend Erik"]
[Result "0-1"]
[WhiteElo "1352"]
[BlackElo "1395"]
[PlyCount "118"]
[EventDate "2007.??.??"]

1. e4 e5 2. Nf3 d6 3. h3 c5 4. Bc4 h6 5. d3 Nf6 6. Nc3 a6 7. a3 Nc6 8. O-O Be7
9. Nd5 O-O 10. Nxe7+ Qxe7 11. c3 b5 12. Ba2 Bd7 13. b3 a5 14. Bd2 Be6 15. c4 b4
16. Bb1 Qd7 17. Nh2 Nh7 18. Be3 f5 19. f4 fxe4 20. dxe4 exf4 21. Rxf4 Ne5 22.
Bc2 Rf7 23. Rxf7 Nxf7 24. Qf3 Ne5 25. Qg3 Nf7 26. a4 Kh8 27. Nf3 Rg8 28. Qg6
Ne5 29. Nxe5 dxe5 30. Rd1 Qc8 31. Qg3 Qc7 32. Rf1 Rf8 33. Rxf8+ Nxf8 34. Qh4
Nh7 35. Qf2 Nf6 36. Bxc5 Bf7 37. Be3 Bg6 38. Qh4 Qc6 39. Bxh6 gxh6 40. Qxh6+
Nh7 41. Qh4 Qf6 42. Qxf6+ Nxf6 43. c5 Ne8 44. Kf2 Nc7 45. g4 Ne6 46. c6 Be8 47.
c7 Nxc7 48. Bd3 Ne6 49. Bc4 Ng5 50. h4 Nxe4+ 51. Ke3 Nd6 52. Be6 Kg7 53. h5 Bf7
54. Bxf7 Kxf7 55. g5 Kg7 56. Kf3 Nf5 57. Ke4 Nd4 58. Kxe5 Nxb3 59. h6+ Kg6 0-1

[Event "Ostsjaellands EMT 2007"]
[Site "Faxe"]
[Date "2007.04.18"]
[Round "3"]
[White "Hansen, Arne Mandrup"]
[Black "Eriksen, Knud Ejler"]
[Result "1/2-1/2"]
[WhiteElo "1385"]
[BlackElo "1197"]
[PlyCount "83"]
[EventDate "2007.??.??"]

1. d4 d5 2. Bf4 Nf6 3. e3 a6 4. Nd2 Bf5 5. Ngf3 e6 6. c4 c6 7. Qb3 Qc8 8. h3 h6
9. Be2 Nbd7 10. Ne5 Be7 11. c5 Bd8 12. Ndf3 Ba5+ 13. Nd2 Ne4 14. Rd1 Bxd2+ 15.
Rxd2 Nxd2 16. Kxd2 O-O 17. g4 Bh7 18. h4 f6 19. Nf3 Be4 20. Bd6 Rf7 21. Rh3 Nf8
22. g5 h5 23. gxf6 Rxf6 24. Be5 Rg6 25. Ng5 Bf5 26. Rg3 Nd7 27. Bxh5 Rh6 28.
Qd1 Nxe5 29. dxe5 Qc7 30. b4 Qxe5 31. Nf7 Qb2+ 32. Ke1 Qxb4+ 33. Kf1 Rf6 34.
Qa1 Kf8 35. Ne5 Qb5+ 36. Kg2 Be4+ 37. Bf3 Bxf3+ 38. Nxf3 Kg8 39. h5 Raf8 40.
Qe5 Qxc5 41. h6 g6 42. h7+ 1/2-1/2

[Event "Ostsjaellands EMT 2007"]
[Site "Faxe"]
[Date "2007.04.18"]
[Round "3"]
[White "Jepsen, Finn"]
[Black "Christoffersen, Ib"]
[Result "0-1"]
[WhiteElo "1178"]
[BlackElo "1380"]
[PlyCount "132"]
[EventDate "2007.??.??"]

1. e4 e5 2. Nf3 Nc6 3. Bb5 Qf6 4. Nc3 Nge7 5. d3 h6 6. Be3 a6 7. Ba4 b5 8. Bb3
d6 9. h3 Be6 10. Nd5 Bxd5 11. Bxd5 Nxd5 12. exd5 Ne7 13. c4 Nf5 14. Qe2 Be7 15.
O-O O-O 16. b4 Rfe8 17. Rfe1 Qg6 18. d4 e4 19. Nh2 Nh4 20. Qg4 bxc4 21. Qxg6
Nxg6 22. Rac1 c6 23. dxc6 d5 24. Bd2 Bd6 25. Ng4 Bf4 26. Bxf4 Nxf4 27. Re3 f6
28. Rc2 Nd3 29. a3 Rec8 30. Rg3 Kh7 31. Ne3 Nf4 32. f3 exf3 33. Rxf3 Nd3 34.
Rf1 Rd8 35. Kh2 Rac8 36. Rf5 Rxc6 37. Rxd5 Rxd5 38. Nxd5 Rd6 39. Ne3 Rxd4 40.
Rxc4 Rd6 41. Rc7 Kg6 42. Rc4 Ne5 43. Rc5 Rd3 44. Nc2 Rd2 45. Rc3 h5 46. Ne1 h4
47. Nf3 Nxf3+ 48. Rxf3 Ra2 49. Rb3 f5 50. b5 axb5 51. Rxb5 Rxa3 52. Rb4 Kg5 53.
Rd4 g6 54. Kg1 Ra2 55. Rd3 Kh5 56. g3 g5 57. Rf3 hxg3 58. Rxg3 Kh4 59. Rd3 f4
60. Rf3 Re2 61. Rf2 Re3 62. Kh2 Rxh3+ 63. Kg2 Re3 64. Rf1 Kg4 65. Kh2 Re2+ 66.
Kh1 f3 0-1

[Event "Ostsjaellands EMT 2007"]
[Site "Faxe"]
[Date "2007.04.25"]
[Round "4"]
[White "Eriksen, Keld"]
[Black "Christensen, Lars (1957)"]
[Result "0-1"]
[WhiteElo "1745"]
[BlackElo "1974"]
[PlyCount "112"]
[EventDate "2007.??.??"]

1. e4 c5 2. f4 d5 3. exd5 Nf6 4. c4 Bf5 5. Nc3 Qc7 6. d3 a6 7. Nf3 g6 8. Be2 h5
9. O-O Bg7 10. h3 Nbd7 11. Nh4 Ng4 12. Nxf5 gxf5 13. hxg4 Bd4+ 14. Rf2 hxg4 15.
g3 O-O-O 16. Bf1 Qd6 17. Bg2 Rh5 18. Ne2 Bxf2+ 19. Kxf2 Rh2 20. Be3 Rdh8 21. d4
Qh6 22. Qg1 Nf6 23. Kf1 Ne4 24. dxc5 Qg7 25. Bd4 f6 26. Rd1 e5 27. dxe6 Qe7 28.
c6 bxc6 29. Bb6 Qxe6 30. b3 R2h7 31. Ba5 Rb7 32. Qe3 Rd7 33. Rxd7 Qxd7 34. Bxe4
Qd1+ 35. Be1 fxe4 36. Qxe4 Qd7 37. Nd4 Kb7 38. f5 Qd6 39. Ne6 Rh2 40. c5 Qd7
41. Qb4+ Kc8 42. Qc4 Rxa2 43. b4 Ra3 44. Nd4 Qh7 45. Qe6+ Qd7 46. Qxf6 Kb7 47.
Qe5 Qh7 48. Qe4 Qh3+ 49. Qg2 Qh6 50. Bd2 Qf6 51. Qf2 Rd3 52. Be3 Qe5 53. Nc2
Qd5 54. Ke2 Rb3 55. f6 Qd3+ 56. Ke1 Rb1+ 0-1

[Event "Ostsjaellands EMT 2007"]
[Site "Faxe"]
[Date "2007.04.25"]
[Round "4"]
[White "Hansen, Knud"]
[Black "Christoffersen, Per"]
[Result "1-0"]
[WhiteElo "1660"]
[BlackElo "1495"]
[PlyCount "81"]
[EventDate "2007.??.??"]

1. e4 e6 2. d4 d5 3. e5 c5 4. c3 Nc6 5. Nf3 cxd4 6. cxd4 Bb4+ 7. Nc3 Nge7 8.
Be2 Nf5 9. O-O O-O 10. Bg5 Qb6 11. Na4 Qc7 12. Rc1 h6 13. Be3 Qd8 14. a3 Be7
15. Bd3 Nh4 16. Nxh4 Bxh4 17. g3 Bg5 18. f4 Be7 19. Qh5 f5 20. Rf2 Qe8 21. Qd1
Bd7 22. Nc3 a6 23. Rg2 Kh7 24. Be2 g6 25. Bd3 Rc8 26. Qd2 Na5 27. Qe2 Nc4 28.
Bf2 b5 29. Rf1 Nxa3 30. Kh1 h5 31. h3 Rg8 32. Rfg1 Nc4 33. Nd1 a5 34. b3 Nb6
35. g4 Qf7 36. Bxb5 fxg4 37. hxg4 Qxf4 38. gxh5 g5 39. Bd3+ Kh6 40. Be3 Qf8 41.
Nf2 1-0

[Event "Ostsjaellands EMT 2007"]
[Site "Faxe"]
[Date "2007.04.20"]
[Round "4"]
[White "Eckert, Svend"]
[Black "Lillebro, Verner"]
[Result "1-0"]
[WhiteElo "1513"]
[BlackElo "1177"]
[PlyCount "73"]
[EventDate "2007.??.??"]

1. c4 Nf6 2. d4 e6 3. Nc3 Be7 4. Qc2 b6 5. e4 d6 6. Nf3 Bb7 7. Be2 Nbd7 8. O-O
h6 9. b3 O-O 10. Bb2 a5 11. Rad1 c6 12. e5 Nh7 13. Ne4 d5 14. Nd6 Qc7 15. c5
Ba6 16. Bd3 Bxd3 17. Rxd3 b5 18. h4 f6 19. g3 fxe5 20. dxe5 Nb8 21. Bd4 Na6 22.
a3 b4 23. a4 Nb8 24. Be3 Nd7 25. Bf4 Rfd8 26. Re1 Qa7 27. Be3 Qc7 28. Bd4 Rf8
29. Nh2 Qd8 30. Ree3 Qc7 31. Ng4 Qd8 32. Rf3 Qc7 33. Rde3 Rxf3 34. Rxf3 Rf8 35.
Nxh6+ gxh6 36. Qg6+ Kh8 37. Rxf8+ 1-0

[Event "Ostsjaellands EMT 2007"]
[Site "Faxe"]
[Date "2007.04.25"]
[Round "4"]
[White "Voigt, Keld"]
[Black "Refsgaard, Kaj"]
[Result "0-1"]
[WhiteElo "1303"]
[BlackElo "1641"]
[PlyCount "95"]
[EventDate "2007.??.??"]

1. e4 c5 2. c4 Nc6 3. Nf3 g6 4. Be2 Bg7 5. Nc3 d6 6. O-O Nf6 7. d3 O-O 8. Nd5
Bg4 9. Rb1 Re8 10. Ng5 Bxe2 11. Qxe2 e6 12. Nxf6+ Qxf6 13. f4 Bh6 14. e5 Qg7
15. exd6 Qd4+ 16. Be3 Qxd6 17. Rf3 Nd4 18. Bxd4 Qxd4+ 19. Kh1 Rad8 20. Qe4 Bxg5
21. Qxd4 Rxd4 22. fxg5 Re7 23. Re1 Red7 24. Ree3 Rxc4 25. Re1 Rc2 26. Rb1 Rd2
27. h4 R2xd3 28. Rxd3 Rxd3 29. Kg1 Kf8 30. Kf2 Ke7 31. Ke2 Rd4 32. g3 e5 33. a3
a5 34. Rc1 b6 35. Rf1 Rd6 36. Rf3 e4 37. Re3 Rd4 38. Rc3 Kd6 39. Ke3 Kd5 40.
Ke2 b5 41. Rb3 b4 42. Kf2 Rd3 43. Rxd3+ exd3 44. Ke3 c4 45. axb4 axb4 46. g4 b3
47. Kd2 Ke4 48. h5 0-1

[Event "Ostsjaellands EMT 2007"]
[Site "Faxe"]
[Date "2007.04.25"]
[Round "4"]
[White "Wehlast, Svend Erik"]
[Black "Hansen, Egon"]
[Result "0-1"]
[WhiteElo "1395"]
[BlackElo "1546"]
[PlyCount "115"]
[EventDate "2007.??.??"]

1. d4 Nf6 2. Nf3 d5 3. e3 e6 4. c4 c6 5. Nc3 Bd6 6. c5 Bc7 7. Bd2 O-O 8. b4 b6
9. Be2 Nbd7 10. O-O e5 11. h3 Re8 12. a4 Bb7 13. Qb3 a6 14. Ra2 Qe7 15. Qb1
Reb8 16. Qc2 b5 17. axb5 axb5 18. Rfa1 Qe8 19. Ra7 Qc8 20. R1a3 Rxa7 21. Rxa7
Ra8 22. Qa2 Rxa7 23. Qxa7 Nb8 24. Qa2 Na6 25. Qb2 Qe6 26. dxe5 Bxe5 27. Nd4
Bxd4 28. exd4 Nc7 29. Be3 Qf5 30. Qa2 Na6 31. Qa5 Qd7 32. Nxb5 cxb5 33. Bxb5
Qc7 34. Qxc7 Nxc7 35. c6 Bc8 36. Ba4 Ba6 37. Bf4 Nfe8 38. g3 Kf8 39. Kg2 Bb5
40. Bxb5 Nxb5 41. h4 Ke7 42. g4 Nxd4 43. Be3 Nxc6 44. Bc5+ Kd7 45. f4 Nc7 46.
g5 Ne6 47. Bg1 Nxb4 48. f5 Nf4+ 49. Kf3 Nh5 50. Kg4 g6 51. fxg6 fxg6 52. Kf3
Ke6 53. Ke3 Nc6 54. Bf2 Kf5 55. Kf3 Ne5+ 56. Ke2 Ke4 57. Bb6 d4 58. Kd2 0-1

[Event "Ostsjaellands EMT 2007"]
[Site "Faxe"]
[Date "2007.04.25"]
[Round "4"]
[White "Christoffersen, Ib"]
[Black "Eriksen, Knud Ejler"]
[Result "0-1"]
[WhiteElo "1380"]
[BlackElo "1197"]
[PlyCount "145"]
[EventDate "2007.??.??"]

1. d4 d5 2. Bf4 Nf6 3. Nc3 Bf5 4. Nb5 Na6 5. e3 c6 6. Nc3 Nb8 7. Nf3 Nbd7 8. h3
e6 9. a3 h6 10. Bd3 Bh7 11. Bxh7 Nxh7 12. Qe2 Be7 13. Ne5 O-O 14. O-O Nhf6 15.
Qf3 Rc8 16. Qg3 Nh5 17. Qf3 Nxf4 18. exf4 Qc7 19. Ng4 Qb6 20. Ne2 a5 21. b3 f5
22. Ne3 Nf6 23. a4 Ne4 24. Rad1 Bb4 25. c3 Bxc3 26. Nxc3 Nxc3 27. Rd3 Ne4 28.
Qe2 Qc7 29. g3 Qf7 30. Ng2 c5 31. Rc1 Qf6 32. dxc5 Rxc5 33. Rxc5 Nxc5 34. Re3
Ne4 35. Kh2 Rd8 36. Qc2 Qe7 37. Ne1 d4 38. Rd3 Qd7 39. Nf3 Rc8 40. Qe2 Qd5 41.
Nxd4 Rc1 42. Qe3 Nc5 43. Qxc1 Nxd3 44. Qe3 Nc5 45. h4 Ne4 46. h5 Kf7 47. f3 Nf6
48. Qc3 Nxh5 49. Qc7+ Kg6 50. Qc3 Qd6 51. Qe3 Kf6 52. Qc3 Kg6 53. Qe3 Kf6 54.
Ne2 e5 55. g4 Nxf4 56. gxf5 Nxe2 57. Qxe2 e4+ 58. Kg2 exf3+ 59. Qxf3 Qc6 60.
Kg3 Qxf3+ 61. Kxf3 Kxf5 62. Kg3 g5 63. Kf3 h5 64. Kg3 h4+ 65. Kf3 g4+ 66. Kg2
Kf4 67. Kh2 Kf3 68. Kg1 g3 69. Kh1 h3 70. b4 axb4 71. a5 b3 72. a6 bxa6 73. Kg1
0-1

[Event "Ostsjaellands EMT 2007"]
[Site "Faxe"]
[Date "2007.04.25"]
[Round "4"]
[White "Toftvang, Ove"]
[Black "Nesheim, Erik"]
[Result "1-0"]
[WhiteElo "1216"]
[BlackElo "1311"]
[PlyCount "175"]
[EventDate "2007.??.??"]

1. f4 d5 2. d4 Bg4 3. Nf3 e6 4. c3 Nf6 5. g3 Bd6 6. Bg2 O-O 7. O-O c5 8. Ne5
Bxe5 9. fxe5 Nfd7 10. Rf4 Bh5 11. Be3 c4 12. Nd2 b5 13. Rh4 Bg6 14. Nf3 h6 15.
Qd2 h5 16. g4 hxg4 17. Rxg4 Bh5 18. Rg3 Bxf3 19. Rxf3 Nc6 20. Rh3 Ne7 21. Bg5
f6 22. Qc2 f5 23. Rf1 Qe8 24. Rf4 Ng6 25. Rf2 Rf7 26. e3 Ndf8 27. Qe2 Rd7 28.
Bf3 Ne7 29. Rg2 g6 30. Qf2 Qf7 31. Bf6 Nh7 32. Bh5 Nxf6 33. exf6 Qxf6 34. Rhg3
Kf7 35. Bxg6+ Nxg6 36. Rxg6 Qxg6 37. Rxg6 Kxg6 38. Qg3+ Kf7 39. Kf2 Rg8 40. Qh3
Ke8 41. Qh5+ Rf7 42. h3 Rgf8 43. Qh6 Kd7 44. Qf4 Rg7 45. Qh6 Rfg8 46. Kf3 Rg6
47. Qh7+ R8g7 48. Qh8 Rg8 49. Qh7+ R6g7 50. Qh6 a5 51. Kf4 b4 52. Ke5 Rg6 53.
Qh7+ R8g7 54. Qh8 Rg5 55. Kf6 R7g6+ 56. Kf7 Rg7+ 57. Qxg7 Rxg7+ 58. Kxg7 bxc3
59. bxc3 Kd6 60. h4 e5 61. h5 f4 62. dxe5+ Kxe5 63. exf4+ Ke4 64. h6 Kd3 65. h7
Kxc3 66. h8=Q d4 67. Kg6 Kd3 68. Qh3+ Kc2 69. Qg2+ Kc3 70. Qd5 d3 71. Qxa5+ Kd4
72. Qb4 Kd5 73. Qc3 Ke4 74. Qxc4+ Ke3 75. f5 d2 76. Qc3+ Ke2 77. Qc2 Ke1 78. a4
d1=Q 79. Qxd1+ Kxd1 80. a5 Ke2 81. f6 Kf2 82. f7 Kg2 83. f8=Q Kh2 84. Kg5 Kh3
85. Kf4 Kh2 86. Kf3 Kh1 87. Qg7 Kh2 88. Qg2# 1-0

[Event "Ostsjaellands EMT 2007"]
[Site "Faxe"]
[Date "2007.04.25"]
[Round "4"]
[White "Jepsen, Finn"]
[Black "Andersen, Hans Poul"]
[Result "1/2-1/2"]
[WhiteElo "1178"]
[BlackElo "1352"]
[PlyCount "68"]
[EventDate "2007.??.??"]

1. d4 e6 2. Nf3 Nc6 3. c4 d5 4. e3 Nf6 5. a3 Be7 6. Bd3 h6 7. Nc3 O-O 8. h3 a6
9. Qc2 dxc4 10. Bxc4 b5 11. Bd3 Bb7 12. O-O Bd6 13. Ne4 Nxe4 14. Bxe4 Qe8 15.
b4 f5 16. Bd3 Ne7 17. e4 fxe4 18. Bxe4 Bxe4 19. Qxe4 Qg6 20. Qxg6 Nxg6 21. Re1
Rae8 22. Ne5 Nxe5 23. dxe5 Be7 24. Be3 Rc8 25. Rac1 c6 26. Red1 Rf5 27. f4 Rf7
28. Rd7 Bf8 29. Rxf7 Kxf7 30. g4 g6 31. h4 Be7 32. g5 h5 33. Kf2 Ke8 34. Bb6
Bd8 1/2-1/2

[Event "Ostsjaellands EMT 2007"]
[Site "Faxe"]
[Date "2007.04.25"]
[Round "4"]
[White "Hansen, Arne Mandrup"]
[Black "Nielsen, Poul Erik2"]
[Result "1-0"]
[WhiteElo "1385"]
[BlackElo "1257"]
[PlyCount "59"]
[EventDate "2007.??.??"]

1. d4 e6 2. Bf4 d5 3. e3 a6 4. Nf3 Nc6 5. c3 Bd6 6. Bg3 Nf6 7. Nbd2 O-O 8. Bd3
Re8 9. Ne5 Bd7 10. Qc2 Be7 11. f3 g6 12. Bf4 Nxe5 13. Bxe5 Nh5 14. g4 Ng7 15.
O-O-O c5 16. Bxg7 Kxg7 17. f4 cxd4 18. exd4 Rc8 19. Nf3 Bd6 20. f5 Bf4+ 21. Kb1
exf5 22. gxf5 Re3 23. Ne5 Bxe5 24. dxe5 Rxd3 25. f6+ Kg8 26. Rxd3 Bf5 27. Rf1
Be4 28. Ka1 Qc7 29. Qd2 Bxd3 30. Qh6 1-0

[Event "Ostsjaellands EMT 2007"]
[Site "Faxe"]
[Date "2007.04.27"]
[Round "4"]
[White "Sorensen, Soren"]
[Black "Jensen, Leif"]
[Result "1-0"]
[WhiteElo "1763"]
[BlackElo "2057"]
[PlyCount "119"]
[EventDate "2007.??.??"]

1. e4 e6 2. Nf3 d5 3. exd5 exd5 4. Be2 Nf6 5. O-O Bd6 6. Nc3 O-O 7. d3 c6 8.
Bg5 Bg4 9. Qd2 Nbd7 10. Rae1 Qc7 11. h3 Bh5 12. Nd4 Rfe8 13. Nf5 Bxe2 14. Nxd6
Qxd6 15. Nxe2 Nf8 16. Nd4 g6 17. f4 Rxe1 18. Rxe1 Re8 19. Rf1 N6d7 20. f5 f6
21. Bh4 Qe5 22. c3 Qe7 23. fxg6 hxg6 24. Rf3 Kh7 25. Qf2 Kg7 26. Qg3 Qe5 27.
Qg4 c5 28. Nf5+ Kh7 29. Bg3 Qe2 30. Qh4+ Kg8 31. Nh6+ Kg7 32. Ng4 Re6 33. Qh6+
Kf7 34. Qh8 Ke8 35. Nxf6+ Nxf6 36. Rxf6 Rxf6 37. Qxf6 Qxd3 38. Bd6 Qe3+ 39. Kh2
Nh7 40. Qxg6+ Kd7 41. Bg3 Ng5 42. Qd6+ Ke8 43. Qxd5 Ne4 44. Qe5+ Kf7 45. Bf4
Qd3 46. Qc7+ Kf6 47. Qxb7 a6 48. Qh7 Qe2 49. Qh6+ Kf7 50. Qc6 c4 51. Qxa6 Nf2
52. Qb7+ Kg6 53. Bg3 Ne4 54. Qc6+ Kf7 55. Qd5+ Kf6 56. Be5+ Ke7 57. a4 Nd2 58.
Bd6+ Kf6 59. a5 Nf1+ 60. Kh1 1-0

[Event "Ostsjaellands EMT 2007"]
[Site "Faxe"]
[Date "2007.05.02"]
[Round "5"]
[White "Nielsen, Poul Erik2"]
[Black "Jepsen, Finn"]
[Result "0-1"]
[WhiteElo "1257"]
[BlackElo "1178"]
[PlyCount "26"]
[EventDate "2007.??.??"]

1. Nf3 Nf6 2. c4 e6 3. a3 b6 4. d4 Bb7 5. Nc3 h6 6. Qc2 Be7 7. e4 d5 8. e5 Ne4
9. Nxe4 dxe4 10. Nd2 Qxd4 11. Qc3 Qxc3 12. bxc3 Nd7 13. Be2 Nxe5 0-1

[Event "Ostsjaellands EMT 2007"]
[Site "Faxe"]
[Date "2007.05.02"]
[Round "5"]
[White "Nesheim, Erik"]
[Black "Andersen, Hans Poul"]
[Result "0-1"]
[WhiteElo "1311"]
[BlackElo "1352"]
[PlyCount "60"]
[EventDate "2007.??.??"]

1. d4 b6 2. Bg5 Bb7 3. e3 h6 4. Bh4 Nf6 5. Nf3 Nc6 6. a3 e6 7. Ne5 Be7 8. f4
Nxe5 9. fxe5 Nd5 10. Bxe7 Qxe7 11. c4 Nxe3 12. Qd3 Qg5 13. Rg1 Nxf1 14. Kxf1
Qc1+ 15. Kf2 Qf4+ 16. Ke1 Be4 17. Qe2 Bxb1 18. Rxb1 Qxd4 19. Rf1 Qh4+ 20. g3
Qe7 21. Qf3 O-O 22. b4 c5 23. b5 Qg5 24. Qe4 Rad8 25. Rd1 f5 26. Qf3 f4 27. h4
Qxe5+ 28. Kd2 fxg3 29. Qb7 Qd4+ 30. Ke1 Rxf1+ 0-1

[Event "Ostsjaellands EMT 2007"]
[Site "Faxe"]
[Date "2007.05.02"]
[Round "5"]
[White "Christoffersen, Ib"]
[Black "Voigt, Keld"]
[Result "1-0"]
[WhiteElo "1380"]
[BlackElo "1303"]
[PlyCount "134"]
[EventDate "2007.??.??"]

1. d4 d5 2. Nc3 Nf6 3. Bf4 e6 4. a3 Nc6 5. e3 Bd6 6. Bg5 h6 7. Bh4 g5 8. Bg3
Bxg3 9. fxg3 a6 10. Bd3 Bd7 11. Nf3 Qe7 12. Qe2 e5 13. dxe5 Nxe5 14. Nxe5 Qxe5
15. O-O-O Bg4 16. Qf2 Bxd1 17. Rxd1 Ng4 18. Qg1 Qxe3+ 19. Qxe3+ Nxe3 20. Re1 d4
21. Nd5 O-O-O 22. Nxe3 dxe3 23. Rxe3 Rhe8 24. Rf3 Re7 25. g4 Kb8 26. Rf6 Rd6
27. Rf2 f6 28. h3 c5 29. b3 Re1+ 30. Kb2 b5 31. Kc3 Re3 32. Kb2 Re8 33. Kc3 Rf8
34. Rf5 Rc6 35. Be4 Re6 36. Bd3 Re5 37. Rf2 Rd5 38. Rf3 Re5 39. Rf2 Re3 40. Kb2
Ka7 41. Rf5 Re5 42. Rf2 Kb6 43. Kc3 a5 44. Rf3 Re1 45. Rf2 b4+ 46. axb4 axb4+
47. Kb2 Kc6 48. Rf5 Kd6 49. Bc4 Re5 50. Rf2 Ke7 51. Bd3 Ra8 52. c4 bxc3+ 53.
Kxc3 Re3 54. Kd2 Ra2+ 55. Kxe3 Rxf2 56. Kxf2 Kd6 57. Bc4 Ke5 58. Kf3 f5 59.
gxf5 Kxf5 60. g4+ Ke5 61. Ke3 Kd6 62. Ke4 Kc6 63. Kf5 Kd6 64. Kg6 Ke5 65. Kxh6
Kf4 66. Kh5 Kg3 67. Kxg5 Kxh3 1-0

[Event "Ostsjaellands EMT 2007"]
[Site "Faxe"]
[Date "2007.05.02"]
[Round "5"]
[White "Jensen, Leif"]
[Black "Refsgaard, Kaj"]
[Result "1-0"]
[WhiteElo "2057"]
[BlackElo "1641"]
[PlyCount "49"]
[EventDate "2007.??.??"]

1. e4 c5 2. g3 g6 3. Bg2 Bg7 4. c3 Nc6 5. f4 d6 6. d3 Nf6 7. Nf3 O-O 8. O-O Rb8
9. Qc2 e5 10. Na3 b5 11. fxe5 Nxe5 12. Nxe5 dxe5 13. Bg5 h6 14. Be3 Qe7 15. h3
Be6 16. Qf2 Rfc8 17. Nc2 Kh7 18. b3 Rb7 19. Rad1 a5 20. d4 exd4 21. cxd4 c4 22.
d5 cxb3 23. axb3 Bd7 24. d6 Qe8 25. e5 1-0

[Event "Ostsjaellands EMT 2007"]
[Site "Faxe"]
[Date "2007.05.02"]
[Round "5"]
[White "Eckert, Svend"]
[Black "Eriksen, Keld"]
[Result "0-1"]
[WhiteElo "1513"]
[BlackElo "1745"]
[PlyCount "62"]
[EventDate "2007.??.??"]

1. c4 e5 2. Nc3 f5 3. e3 Nf6 4. d4 exd4 5. exd4 Be7 6. Nf3 O-O 7. Qc2 d5 8. Bd3
g6 9. O-O c6 10. b3 Be6 11. Bb2 Nbd7 12. Ng5 Bf7 13. Rfe1 Ne4 14. Nxf7 Rxf7 15.
f3 Nef6 16. Re2 Qf8 17. Rae1 Re8 18. c5 Bd8 19. Rxe8 Nxe8 20. b4 Re7 21. Re2
Ndf6 22. Bc1 Nh5 23. g3 Qf6 24. Be3 f4 25. g4 Rxe3 26. gxh5 Qxd4 27. Kg2 Rxd3
28. Rxe8+ Kf7 29. hxg6+ Kxe8 30. Nb1 hxg6 31. a3 Qe3 0-1

[Event "Ostsjaellands EMT 2007"]
[Site "Faxe"]
[Date "2007.05.02"]
[Round "5"]
[White "Christensen, Lars (1957)"]
[Black "Sorensen, Soren"]
[Result "0-1"]
[WhiteElo "1974"]
[BlackElo "1763"]
[PlyCount "74"]
[EventDate "2007.??.??"]

1. d4 g6 2. e4 Bg7 3. c4 d6 4. Nc3 Nf6 5. f3 O-O 6. Be3 Nbd7 7. Qd2 e5 8. d5 a6
9. Bh6 Ne8 10. h4 f5 11. h5 f4 12. hxg6 hxg6 13. g4 Rf7 14. Qh2 c5 15. g5 Nf8
16. Bh3 b5 17. Bxc8 Rxc8 18. cxb5 axb5 19. Nxb5 Qa5+ 20. Nc3 Rb8 21. O-O-O Nc7
22. Nge2 Na6 23. Rd2 c4 24. Bxg7 Rxg7 25. Nxf4 Rh7 26. Nh3 Nb4 27. a3 Nd3+ 28.
Rxd3 cxd3 29. Qd2 Rhb7 30. Rd1 Rxb2 31. Qxb2 Rxb2 32. Kxb2 Qb6+ 33. Ka2 Qe3 34.
Ng1 Qxg5 35. Kb3 Qe3 36. a4 Nd7 37. a5 Nc5+ 0-1

[Event "Ostsjaellands EMT 2007"]
[Site "Faxe"]
[Date "2007.05.02"]
[Round "5"]
[White "Hansen, Egon"]
[Black "Hansen, Knud"]
[Result "1/2-1/2"]
[WhiteElo "1546"]
[BlackElo "1660"]
[PlyCount "55"]
[EventDate "2007.??.??"]

1. e4 e5 2. Nf3 d6 3. d4 exd4 4. Bc4 Be7 5. Nxd4 Nf6 6. Nc3 O-O 7. O-O a6 8. a4
Bg4 9. Qd3 Nbd7 10. Ba2 Ne5 11. Qe3 c5 12. Nde2 Nc6 13. f3 Bd7 14. Rd1 Qc7 15.
Nf4 Nb4 16. Qe2 Bc6 17. Nfd5 Bxd5 18. Nxd5 Nbxd5 19. Bxd5 Rfe8 20. Bc4 Bf8 21.
Bf4 h6 22. Ra3 Nd7 23. Re3 Ne5 24. Bb3 Rac8 25. Bd5 Nd7 26. Qf2 Nf6 27. Red3
Nh5 28. Be3 1/2-1/2

[Event "Ostsjaellands EMT 2007"]
[Site "Faxe"]
[Date "2007.05.02"]
[Round "5"]
[White "Wehlast, Svend Erik"]
[Black "Hansen, Arne Mandrup"]
[Result "1-0"]
[WhiteElo "1395"]
[BlackElo "1385"]
[PlyCount "109"]
[EventDate "2007.??.??"]

1. g3 d5 2. Nf3 Bf5 3. Bg2 e6 4. O-O Nf6 5. d3 h6 6. Nh4 Bh7 7. f4 Be7 8. Nf3
c5 9. Nbd2 Nc6 10. a3 b5 11. Ne1 Qb6 12. Kh1 Rd8 13. e3 Bf5 14. Bf3 h5 15. Qe2
Bg4 16. Qg2 Bxf3 17. Nexf3 Ng4 18. Qe2 c4 19. d4 Rc8 20. c3 a5 21. h3 Nh6 22.
Kg2 Nf5 23. Ne5 Bf6 24. Ndf3 h4 25. gxh4 Bxh4 26. Nxh4 Rxh4 27. Bd2 b4 28. cxb4
axb4 29. Nxc6 Qxc6 30. Bxb4 e5 31. Be1 Qg6+ 32. Kh2 Rh7 33. Rg1 Qe6 34. dxe5
Kd7 35. Qf3 Rch8 36. h4 Nxh4 37. Bxh4 Rxh4+ 38. Kg2 Rg4+ 39. Kf1 Rxg1+ 40. Kxg1
Rh3 41. Qg2 Rxe3 42. Rd1 Rd3 43. Rxd3 cxd3 44. Kf1 g6 45. Qf3 d2 46. Ke2 Qc6
47. Kxd2 Qc4 48. Qh3+ Ke7 49. Qh4+ Ke6 50. Qf6+ Kd7 51. Qxf7+ Kc8 52. Qe6+ Kb7
53. Qd7+ Kb8 54. Qd6+ Kb7 55. Qb4+ 1-0

[Event "Ostsjaellands EMT 2007"]
[Site "Faxe"]
[Date "2007.05.02"]
[Round "5"]
[White "Eriksen, Knud Ejler"]
[Black "Christoffersen, Per"]
[Result "0-1"]
[WhiteElo "1197"]
[BlackElo "1495"]
[PlyCount "130"]
[EventDate "2007.??.??"]

1. e4 e6 2. d4 d5 3. exd5 exd5 4. Nc3 Bb4 5. Bd2 Ne7 6. Bd3 Bf5 7. Qe2 O-O 8.
Nf3 Re8 9. O-O Ng6 10. Qd1 Bxd3 11. cxd3 Nc6 12. Qb3 Nge7 13. a3 Ba5 14. Qc2
Nf5 15. Nb5 Bxd2 16. Qxd2 a6 17. Nc3 Ncxd4 18. Nxd4 Nxd4 19. Qf4 c5 20. b4 b6
21. Qg4 Qd6 22. Rab1 Nc2 23. bxc5 bxc5 24. a4 Qe5 25. Na2 Nd4 26. h3 Qd6 27.
Nc3 Re6 28. a5 Qd8 29. Na4 Qxa5 30. Ra1 Qc7 31. Nc3 Qd6 32. Qh5 Re5 33. Qd1
Rae8 34. Qb1 Rg5 35. Qd1 Qf4 36. Kh1 Rge5 37. Rxa6 h6 38. Ra5 Ne6 39. Ne2 Qb4
40. Ra4 Qb2 41. Ng3 Nd4 42. Ra1 Qb8 43. Rc1 Qd6 44. Ra1 Ne2 45. Nxe2 Rxe2 46.
Rc1 d4 47. Kg1 R8e5 48. Rc2 Qe7 49. Rxe2 Rxe2 50. Qb1 Qg5 51. Qb8+ Kh7 52. Qg3
Qf5 53. Qf3 Qxf3 54. gxf3 Rd2 55. Rc1 Rxd3 56. Kg2 Rc3 57. Re1 d3 58. Rd1 c4
59. Kf1 Rc2 60. Ke1 Kg6 61. f4 Kf5 62. h4 Kxf4 63. f3 Ke3 64. Kf1 Rf2+ 65. Kg1
d2 0-1